Teaching second-language writing : (Record no. 12819)

MARC details
000 -LEADER
fixed length control field 01295cam a22003495a 4500
001 - CONTROL NUMBER
control field 1205093
003 - CONTROL NUMBER IDENTIFIER
control field EG-ScBUE
005 - DATE AND TIME OF LATEST TRANSACTION
control field 20191214141422.0
008 - FIXED-LENGTH DATA ELEMENTS--GENERAL INFORMATION
fixed length control field 980414t1998 caua f b 000 0 eng d
020 ## - INTERNATIONAL STANDARD BOOK NUMBER
International Standard Book Number 0838478921
020 ## - INTERNATIONAL STANDARD BOOK NUMBER
International Standard Book Number 9780838478929
035 ## - SYSTEM CONTROL NUMBER
System control number (OCoLC)38947688
040 ## - CATALOGING SOURCE
Original cataloging agency TxDN
Language of cataloging eng
Description conventions rda
Transcribing agency TxDN
Modifying agency DLC
-- EG-ScBUE
082 04 - DEWEY DECIMAL CLASSIFICATION NUMBER
Classification number 428.007
Item number CAM
Edition number 22
100 1# - MAIN ENTRY--PERSONAL NAME
Personal name Campbell, Cherry,
Relator term author.
9 (RLIN) 8990
245 10 - TITLE STATEMENT
Title Teaching second-language writing :
Remainder of title interacting with text /
Statement of responsibility, etc Cherry Campbell, Monterey Institute of International Studies.
264 #1 - PUBLICATION, DISTRIBUTION, ETC. (IMPRINT)
Place of publication, distribution, etc Pacific Grove :
Name of publisher, distributor, etc Heinle and Heinle publishers,
Date of publication, distribution, etc [1998]
264 #4 - PUBLICATION, DISTRIBUTION, ETC. (IMPRINT)
Date of publication, distribution, etc c 1998
300 ## - PHYSICAL DESCRIPTION
Extent xi, 95 pages :
Other physical details illustrations ;
Dimensions 24 cm.
336 ## - CONTENT TYPE
Source rdacontent
Content type term text
Content type code txt
337 ## - MEDIA TYPE
Source rdamedia
Media type term unmediated
Media type code n
338 ## - CARRIER TYPE
Source rdacarrier
Carrier type term volume
Carrier type code nc
490 0# - SERIES STATEMENT
Series statement Newbury house teacher development.
-- A TeacherSource books
504 ## - BIBLIOGRAPHY, ETC. NOTE
Bibliography, etc Includes bibliographical references.
590 ## - LOCAL NOTE (RLIN)
Local note rana
650 #7 - SUBJECT ADDED ENTRY--TOPICAL TERM
Topical term or geographic name as entry element English language
General subdivision Study and teaching
-- Foreign speakers.
Source of heading or term BUEsh
9 (RLIN) 8992
650 #7 - SUBJECT ADDED ENTRY--TOPICAL TERM
Topical term or geographic name as entry element English language
General subdivision Composition and exercises.
Source of heading or term BUEsh
9 (RLIN) 8993
653 ## - INDEX TERM--UNCONTROLLED
Resource For college Humanities: English
Arrived date list July2019
655 ## - INDEX TERM--GENRE/FORM
Form subdivision Reading book
942 ## - ADDED ENTRY ELEMENTS (KOHA)
Source of classification or shelving scheme Dewey Decimal Classification
Koha item type Book - Borrowing
Holdings
Withdrawn status Lost status Source of classification or shelving scheme Damaged status Not for loan Collection code Home library Current library Shelving location Date acquired Source of acquisition Cost, normal purchase price Serial Enumeration / chronology Total Checkouts Full call number Barcode Date last seen Price effective from Koha item type
    Dewey Decimal Classification     Baccah Central Library Central Library Second Floor 19/10/2009   175.00 8656   428.007 CAM 000018416 11/06/2024 19/10/2009 Book - Borrowing
    Dewey Decimal Classification     Baccah Central Library Central Library Second Floor 02/06/2010   240.00 10321   428.007 CAM 000020973 15/07/2025 02/06/2010 Book - Borrowing